000 01076 a2200241 4500
005 20080910150520.0
008 080910t xxu||||| |||| 00| 0 hin d
010 _aHIN-79495
020 _a8181661451
_c200.00
035 _aHN-51841
037 _bD.B.Act / pub
082 _a
100 _aशर्मा, लता
245 _aजिन दिन देखे वे कुसुम
_cलता शर्मा
246 _aJin din dekhe ve Kusum
_bby Lata Sharma
260 _aदिल्ली
_bमेधा बुक्स
_c2006
270 _aएक्स-11, नवीन शाहदरा
_bदिल्ली
_e110032
_k22323672
_mmedhabooks@rediffmail.com
300 _a167पृ
_c22 सेमी (सजिल्द)
650 _aहिन्दी कहानियाँ
650 _aHindi Stories
942 _adpl
_cHN
_kक / शर्माल
_2ddc
_h
_mशर्माल
999 _c2855
_d2855